000 00303nam a2200133Ia 4500
100 _aDickler/ H.
942 _cBK
654 _aGuide to foxpro 2.6.
245 _aProgrammers guide to Foxpro 2.6
260 _bB.P.B. Pub
_aNew Delhi
_c1995
082 _a005.13 'FOX'
546 _aENGLISH
999 _c29183
_d29183